Ranené vtáča

Bibliographic Details
Main Author: Fakla, Daniel Michal, 1924-2010 (Author)
Format: Article
Language:Slovak
Subjects:

MARC

LEADER 00000nab a2200000 a 4500
001 vtls000232387
003 SK-MaSNL
005 20260303222608.0
008 240424c1985 xo 0 slo
015 |a SNBRB19rr/mm-uuuuu 
035 |a CL0242501 
040 |a SNKBUCL  |b slo  |c SNKBUCL  |e AACR2 
041 0 |a slo 
044 |a xo  |c SK 
080 |a 885.4-97  |2 1981 
080 |a 885.4-1  |2 1981 
100 1 |a Fakla, Daniel Michal,  |d 1924-2010  |4 aut  |9 39059 
245 1 0 |a Ranené vtáča  |c D. M. Fakla 
655 7 |a slovenská poézia  |2 snkbucl  |9 70444 
655 7 |a lyrická poézia  |2 snkbucl  |9 70613 
655 7 |a články z novín a časopisov  |2 snkbucl  |9 267496 
655 7 |a články z odboru literárna veda a krásna literatúra  |2 snkbucl  |9 770045 
700 1 |a Fakla, Daniel Michal,  |d 1924-2010  |4 aut  |9 39059 
773 0 |t Evanjelický posol spod Tatier  |g Roč. 75, č. 19 (1985), s. 220 
850 |a Slovenská národná knižnica 
852 |a Slovenská národná knižnica 
958 |a RK 
958 |a LX 
992 |a RBX 
999 |c 2242001  |d 2243931